|
|
|
|
| LEADER |
00000nam a22000007a 4500 |
| 005 |
20161103175143.0 |
| 007 |
cr|||| ||u| |
| 008 |
161103s2016 Mx |||||o|||| 001 0 Spa d |
| 020 |
|
|
|a 978-607-95259-9-6
|
| 035 |
|
|
|a 14500
|
| 040 |
|
|
|a vLex
|
| 090 |
|
|
|c 6353
|d 6353
|
| 100 |
1 |
|
|a Carpenter, Rafael Sosa
|
| 245 |
1 |
|
|a Induccin̤ a la legislacin̤ aduanera
|h [Recurso electrn̤ico] /
|b Rafael Sosa Carpenter.
|
| 256 |
|
|
|a Servicio en ln̕ea
|
| 260 |
|
|
|a Mx̌ico:
|b Carpenter Consulting Group,
|c 2016.
|
| 300 |
|
|
|a 1 Recurso electrn̤ico
|
| 506 |
1 |
|
|a Disponible en los productos indicados
|d vLex Global
|d vLex Global (Academic Edition, excluding Law Schools)
|d vLex Global (U.S. Academic Edition, Law Schools)
|d vLex Global (U.S. Academic Edition, excluding Law Schools)
|d vLex Global (Academic Edition, Law Schools)
|
| 650 |
0 |
4 |
|a Derecho civil
|z Mx̌ico
|
| 650 |
0 |
4 |
|a Derecho mercantil
|z Mx̌ico
|
| 740 |
0 |
|
|a vLex libros (servicio en ln̕ea)
|
| 856 |
4 |
0 |
|u http://vlex.com/source/induccion-a-la-legislacion-aduanera-14500
|z Acceso restringido
|
| 942 |
|
|
|c BOOK
|
| 999 |
0 |
|
|a Civil law
|
| 999 |
0 |
|
|a Commercial law
|